<?xml version="1.0" encoding="UTF-8"?>
<record
    xmlns:xsi="http://www.w3.org/2001/XMLSchema-instance"
    xsi:schemaLocation="http://www.loc.gov/MARC21/slim http://www.loc.gov/standards/marcxml/schema/MARC21slim.xsd"
    xmlns="http://www.loc.gov/MARC21/slim">

  <leader>01980cam a22004334a 4500</leader>
  <controlfield tag="001">14683030</controlfield>
  <controlfield tag="005">20110112081001.0</controlfield>
  <controlfield tag="008">061228s2007    nju      bf   001 0 eng  </controlfield>
  <datafield tag="010" ind1=" " ind2=" ">
    <subfield code="a">  2006102687</subfield>
  </datafield>
  <datafield tag="020" ind1=" " ind2=" ">
    <subfield code="a">9780132324410 (pbk.)</subfield>
  </datafield>
  <datafield tag="020" ind1=" " ind2=" ">
    <subfield code="a">0132324415 (pbk.)</subfield>
  </datafield>
  <datafield tag="035" ind1=" " ind2=" ">
    <subfield code="a">(DNLM)101296288</subfield>
  </datafield>
  <datafield tag="040" ind1=" " ind2=" ">
    <subfield code="a">DNLM/DLC</subfield>
    <subfield code="c">DLC</subfield>
    <subfield code="d">DLC</subfield>
  </datafield>
  <datafield tag="042" ind1=" " ind2=" ">
    <subfield code="a">pcc</subfield>
  </datafield>
  <datafield tag="050" ind1="0" ind2="0">
    <subfield code="a">RG951</subfield>
    <subfield code="b">.O43 2007</subfield>
  </datafield>
  <datafield tag="060" ind1="1" ind2="0">
    <subfield code="a">WY 49</subfield>
    <subfield code="b">D253c 2004</subfield>
  </datafield>
  <datafield tag="082" ind1="0" ind2="0">
    <subfield code="a">618.20231</subfield>
    <subfield code="2">22</subfield>
    <subfield code="b">OLD</subfield>
  </datafield>
  <datafield tag="245" ind1="1" ind2="0">
    <subfield code="a">Clinical Handbook for OLDS' Maternal-Newborn Nursing &amp; Women's Health across the Lifespan/</subfield>
  </datafield>
  <datafield tag="246" ind1="3" ind2=" ">
    <subfield code="a">Clinical Handbook for OLDS' Maternal-Newborn Nursing and Women's Health across the Lifespan</subfield>
  </datafield>
  <datafield tag="250" ind1=" " ind2=" ">
    <subfield code="a">8th ed. </subfield>
  </datafield>
  <datafield tag="260" ind1=" " ind2=" ">
    <subfield code="a">Upper Saddle River, N.J. :</subfield>
    <subfield code="b">Prentice Hall,2007</subfield>
    <subfield code="c">c2007.</subfield>
  </datafield>
  <datafield tag="300" ind1=" " ind2=" ">
    <subfield code="a">vi, 426 p. :</subfield>
    <subfield code="b">ill. ;</subfield>
    <subfield code="c">18 cm.</subfield>
  </datafield>
  <datafield tag="500" ind1=" " ind2=" ">
    <subfield code="a">Rev. ed. of: Clinical handbook for maternal-newborn nursing &amp; women's health care / Sally B. Olds ... [et al.]. 7th ed. c2004.</subfield>
  </datafield>
  <datafield tag="504" ind1=" " ind2=" ">
    <subfield code="a">Includes bibliographical reference and index.</subfield>
  </datafield>
  <datafield tag="650" ind1=" " ind2="0">
    <subfield code="a">Maternity nursing</subfield>
    <subfield code="v">Handbooks, manuals, etc.</subfield>
    <subfield code="9">22312</subfield>
  </datafield>
  <datafield tag="650" ind1=" " ind2="0">
    <subfield code="a">Neonatal nursing</subfield>
    <subfield code="v">Handbooks, manuals, etc.</subfield>
    <subfield code="9">22313</subfield>
  </datafield>
  <datafield tag="650" ind1="1" ind2="2">
    <subfield code="a">Maternal-Child Nursing</subfield>
    <subfield code="v">Handbooks.</subfield>
    <subfield code="9">22314</subfield>
  </datafield>
  <datafield tag="650" ind1="2" ind2="2">
    <subfield code="a">Maternal Welfare</subfield>
    <subfield code="v">Handbooks.</subfield>
    <subfield code="9">22315</subfield>
  </datafield>
  <datafield tag="650" ind1="2" ind2="2">
    <subfield code="a">Pregnancy Complications</subfield>
    <subfield code="x">prevention &amp; control</subfield>
    <subfield code="v">Handbooks.</subfield>
    <subfield code="9">22316</subfield>
  </datafield>
  <datafield tag="650" ind1="2" ind2="2">
    <subfield code="a">Pregnancy, High-Risk</subfield>
    <subfield code="v">Handbooks.</subfield>
    <subfield code="9">22317</subfield>
  </datafield>
  <datafield tag="700" ind1="1" ind2=" ">
    <subfield code="a">Davidson, Michele R.</subfield>
    <subfield code="9">22311</subfield>
  </datafield>
  <datafield tag="700" ind1="1" ind2=" ">
    <subfield code="a">Ladewig, Patricia W.</subfield>
    <subfield code="9">22318</subfield>
  </datafield>
  <datafield tag="700" ind1="1" ind2=" ">
    <subfield code="a">London, Marcia L.</subfield>
    <subfield code="9">22319</subfield>
  </datafield>
  <datafield tag="730" ind1="0" ind2=" ">
    <subfield code="a">Clinical handbook for maternal-newborn nursing &amp; women's health care.</subfield>
    <subfield code="9">22320</subfield>
  </datafield>
  <datafield tag="856" ind1="4" ind2="1">
    <subfield code="3">Table of contents only</subfield>
    <subfield code="u">http://www.loc.gov/catdir/toc/ecip077/2006102687.html</subfield>
  </datafield>
  <datafield tag="942" ind1=" " ind2=" ">
    <subfield code="2">ddc</subfield>
    <subfield code="c">NB</subfield>
  </datafield>
  <datafield tag="999" ind1=" " ind2=" ">
    <subfield code="c">14963</subfield>
    <subfield code="d">14963</subfield>
  </datafield>
  <datafield tag="952" ind1=" " ind2=" ">
    <subfield code="0">0</subfield>
    <subfield code="1">0</subfield>
    <subfield code="2">ddc</subfield>
    <subfield code="4">0</subfield>
    <subfield code="7">0</subfield>
    <subfield code="8"> </subfield>
    <subfield code="a">MAIN</subfield>
    <subfield code="b">MAIN</subfield>
    <subfield code="c">1ST</subfield>
    <subfield code="d">2011-02-28</subfield>
    <subfield code="e">purchase</subfield>
    <subfield code="l">13</subfield>
    <subfield code="o">618.20231 DAV</subfield>
    <subfield code="p">000022806</subfield>
    <subfield code="r">2025-07-15 00:00:00</subfield>
    <subfield code="s">2012-12-18</subfield>
    <subfield code="y">NB</subfield>
  </datafield>
</record>
